| 000 | 01110cam a22003257a 4500 | ||
|---|---|---|---|
| 001 | 12327548 | ||
| 003 | OSt | ||
| 005 | 20200610114521.0 | ||
| 008 | 001122s2000 ii b 001 0 eng | ||
| 010 | _a 00410445 | ||
| 020 | _a0195649672 | ||
| 020 | _a9780195649673 | ||
| 025 | _aI-E-00-410445; 10; 61-92 | ||
| 035 | _a(DLC) 00410445 | ||
| 037 |
_bLibrary of Congress -- New Delhi Field Office _cRs595.00 |
||
| 040 |
_aDLC _coclc _dDLC |
||
| 042 | _alcode | ||
| 043 | _aaz----- | ||
| 050 | 0 | 0 |
_aMLCS 2001/02791 _aBP63.A37 |
| 082 |
_a297.0954 _bROB/I |
||
| 100 |
_aRobinson, Francis _92733 |
||
| 245 | 1 | 0 |
_aIslam and Muslim history in South Asia / _cFrancis Robinson. |
| 260 |
_aNew Delhi ; _aNew York : _bOxford University Press, _c2000. |
||
| 300 | _a299 p. ; | ||
| 504 | _aIncludes bibliographical references and index. | ||
| 856 | 4 | 2 |
_3Publisher description _uhttp://www.loc.gov/catdir/enhancements/fy0639/00410445-d.html |
| 906 |
_a7 _bcbc _corigode _d4 _encip _f20 _gy-gencatlg |
||
| 942 |
_2ddc _cBK _h297.0954 _iROB/I _k297.0954 _mROB/I |
||
| 999 |
_c20770 _d20770 |
||